000 00723cab a2200229 4500
001 WB3015-39
008 090401t1994 xxu||||| |||| 00| 0 eng d
035 _a(Sirsi) u30412
041 _aeng
245 _aBusiness costs
260 _c1994
350 _a0
490 _aTimes
_v20 April 1994, 30(1)
520 _aReduced bills in two key areas, electricity and communications, have helped to bring down office costs in the first quarter of this year, according to the Times/Procord office costs index.
650 _aFACILITIES MANAGEMENT
_96240
650 _aOFFICE COSTS
650 _aPROCORD
650 _aRUNNING COSTS
690 _aOFFICE SERVICES AND ADMINISTRATION
942 _n0
948 _c04/03/1997
999 _c20496
_d20496